[Event "Tatry Open 2012"]
[Site "Tatranske Zruby SVK"]
[Date "2012.09.28"]
[Round "7.12"]
[White "Kvassay,P"]
[Black "Belunek,V"]
[Result "1/2-1/2"]
[WhiteElo "2028"]
[BlackElo "2266"]

1.Nf3 Nf6 2.d4 d5 3.c4 e6 4.g3 Be7 5.Bg2 O-O 6.O-O c6 7.Qc2 Nbd7 8.Nbd2 b6
9.Rd1 Bb7 10.e4 Rc8 11.b3 c5 12.e5 Ne8 13.cxd5 cxd4 14.Qd3 Bxd5 15.Qxd4 Qc7
16.Ne4 Qb7 17.Bg5 Bxg5 18.Nfxg5 h6 19.Nh3 Qb8 20.f4 Rc2 21.Rd2 Rxd2 22.Qxd2 Nc7
23.Nhf2 a5 24.Qe2 Rd8 25.Qh5 Ne8 26.Rc1 Rc8 27.Qd1 Rxc1 28.Qxc1 Qc7 29.Qxc7 Nxc7
30.Nc3 Bxg2 31.Kxg2 Nc5 32.Kf3 Kf8 33.Ke3 Ke7 34.Nd3 Nxd3 35.Kxd3  1/2-1/2

[Event "TCh-FIN SM 2012-13"]
[Site "Helsinki FIN"]
[Date "2012.09.30"]
[Round "2.5"]
[White "Fieandt,J"]
[Black "Salo,H"]
[Result "1-0"]
[WhiteElo "2159"]
[BlackElo "2267"]

1.d4 Nf6 2.c4 e6 3.g3 d5 4.Nf3 Be7 5.Bg2 O-O 6.O-O Nbd7 7.Qc2 c6 8.Nbd2 b6
9.e4 dxe4 10.Nxe4 Nxe4 11.Qxe4 Ba6 12.Qc2 Rc8 13.Bf4 Bb7 14.Rfd1 Re8 15.h4 Bf8
16.Ng5 g6 17.Ne4 Nf6 18.Be5 Nxe4 19.Qxe4 f6 20.Bf4 Qe7 21.Rac1 Rcd8 22.Re1 Qd7
23.Red1 Ba8 24.Qe2 Qf7 25.c5 bxc5 26.dxc5 e5 27.Be3 Qxa2 28.Ra1 Qf7 29.Qa6 Rxd1+
30.Rxd1 Qc7 31.h5 Re7 32.hxg6 hxg6 33.Rd6 Rf7 34.Rd1 Rd7 35.Ra1 Kg7 36.b4 Be7
37.Qc4 Bf8 38.Qh4 g5 39.Qg4 Bb7 40.Rxa7 Qd8 41.Be4 Bc8 42.Qh5 Kg8 43.Ra8 Rc7
44.Bf5 e4 45.Rxc8  1-0

[Event "Oslo GM Open 2012"]
[Site "Oslo NOR"]
[Date "2012.09.30"]
[Round "1.12"]
[White "Devereaux,M"]
[Black "Bjerke,R"]
[Result "1/2-1/2"]
[WhiteElo "2385"]
[BlackElo "2134"]

1.d4 d5 2.Nf3 Nf6 3.g3 e6 4.c4 Be7 5.Bg2 O-O 6.O-O dxc4 7.Qa4 a6 8.Qxc4 b5
9.Qc2 Bb7 10.Bd2 Ra7 11.a3 Be4 12.Qc1 Nc6 13.e3 b4 14.axb4 Nxb4 15.Bxb4 Bxb4
16.Qc4 a5 17.Ne5 Bxg2 18.Kxg2 c5 19.dxc5 Nd7 20.Nd3 Rc7 21.c6 Nb8 22.Nxb4 axb4
23.Qxb4 Rxc6 24.Qb3 Rb6 25.Qc2 Qd5+ 26.e4 Qb7 27.Nc3 Rxb2 28.Qd3 Nc6 29.Rab1 Rd8
30.Qc4 Ne5 31.Rfd1 Rxd1 32.Rxd1 h6 33.Qd4 Ng4 34.Rd2 Rxd2 35.Qxd2 Qb4 36.h3 Ne5
37.Qe3 Nc4 38.Qd4 Qb3 39.Ne2 Qc2 40.Nc3 Nd2 41.e5 Qc1 42.Qd8+ Kh7 43.Qd3+ Kg8
44.h4 Qe1 45.h5 Kh8 46.f3 Kg8 47.g4 Nf1 48.Ne2 Qd2 49.Qxd2 Nxd2 50.Nd4 Kf8
51.f4 Ke7 52.Kf2 Nc4 53.Ke2 f6 54.Kd3 fxe5 55.Nf3 Nb2+ 56.Kc2 e4 57.Ne5 Na4
58.Kb3 Nb6 59.Ng6+ Kf6 60.Kc3 Nd5+ 61.Kd4 e3 62.Kd3 Kf7 63.Ke2 Ke8 64.Kf3 Kf7
65.Nh4 Nf6 66.Ng6 Nd5 67.Ne5+ Kf6 68.Nd3 g5 69.hxg6 Kxg6 70.Ne1 h5 71.gxh5+ Kxh5
72.Ng2 e2 73.Kxe2 Kg4 74.Ne3+ Kxf4 75.Nxd5+ exd5 76.Kd3 Ke5 77.Ke3 d4+  1/2-1/2

[Event "Oslo GM Open 2012"]
[Site "Oslo NOR"]
[Date "2012.09.30"]
[Round "3.10"]
[White "Kvisvik,B"]
[Black "Bjerke,R"]
[Result "1-0"]
[WhiteElo "2342"]
[BlackElo "2134"]

1.d4 d5 2.Nf3 Nf6 3.g3 e6 4.c4 Be7 5.Bg2 O-O 6.O-O dxc4 7.Qa4 a6 8.Qxc4 b5
9.Qc2 Bb7 10.Bd2 Ra7 11.Rc1 Be4 12.Qb3 Nc6 13.e3 Qa8 14.Qd1 b4 15.Qf1 Bd6
16.Be1 e5 17.Nbd2 Bd5 18.dxe5 Nxe5 19.Nxe5 Bxe5 20.Nc4 Nd7 21.Bxb4 Re8 22.Bc3 Bxc3
23.Rxc3 Nf6 24.Rd1 h5 25.Rd4 c5 26.Rd1 Bxg2 27.Qxg2 Ne4 28.Rcd3 Qb8 29.f3 Qb4
30.Qc2 Ng5 31.Kg2 g6 32.Qb3 Qb7 33.Qxb7 Rxb7 34.b3 Rbe7 35.Rd8 Ne6 36.Rxe8+ Rxe8
37.Rd6 Ra8 38.Rd7 a5 39.Ne5 a4 40.Nxf7 axb3 41.axb3 Ra2+ 42.Kh3 Rb2 43.Re7 Kf8
44.Rxe6 Kxf7 45.Rb6 c4 46.b4 Rb3 47.Rc6 Rxb4 48.e4 Rb3 49.f4 c3 50.Kh4 Rb2
51.Rxc3 Rxh2+ 52.Kg5 Rg2 53.Rc7+ Ke6 54.Rc6+ Kf7 55.Rf6+ Ke7 56.Rxg6 Rxg3+
57.Kxh5 Re3 58.e5  1-0

[Event "Oslo GM Open 2012"]
[Site "Oslo NOR"]
[Date "2012.09.30"]
[Round "5.1"]
[White "Buhmann,R"]
[Black "Gordon,S"]
[Result "1/2-1/2"]
[WhiteElo "2578"]
[BlackElo "2556"]

1.Nf3 Nf6 2.c4 e6 3.g3 d5 4.d4 Be7 5.Bg2 O-O 6.O-O dxc4 7.Qc2 a6 8.a4 Bd7
9.Qxc4 Bc6 10.Bf4 Bd6 11.Bg5 Nbd7 12.Nc3 h6 13.Bxf6 Nxf6 14.Rfe1 Bd5 15.Qd3 Bxf3
16.Bxf3  1/2-1/2

[Event "Tatry Open 2012"]
[Site "Tatranske Zruby SVK"]
[Date "2012.09.30"]
[Round "9.6"]
[White "Michalicka,M"]
[Black "Vul,A"]
[Result "1/2-1/2"]
[WhiteElo "2170"]
[BlackElo "2316"]

1.d4 d5 2.c4 e6 3.Nf3 Nf6 4.g3 Be7 5.Bg2 O-O 6.O-O b6 7.Ne5 Bb7 8.Nc3 Na6
9.Qa4 Qe8 10.Qxe8 Rfxe8 11.Bg5 c5 12.Rfd1 Ne4 13.Nxe4 dxe4 14.Bxe7 Rxe7 15.dxc5 Nxc5
16.Rd6 f6 17.Ng4 h5 18.Ne3 Rd7 19.Rad1 Rad8 20.Rxd7 Rxd7 21.Rxd7 Nxd7 22.Kf1 Kf7
23.Ke1 Ke7 24.Kd2 Kd6 25.Kc3 f5 26.h4 g6 27.Bh3 e5 28.Nc2 Nf6 29.e3 Bc8 30.Kd2 Be6
31.b3 Kc5 32.Bf1 Ng4 33.Ke1 a5 34.Be2 Nh6 35.a3 f4 36.Bf1 Nf5 37.b4+ axb4
38.axb4+ Kd6 39.exf4 exf4 40.gxf4 Nxh4 41.Kd2 Nf3+ 42.Ke3 h4 43.Bg2 h3 44.Bxf3 exf3
45.c5+ bxc5 46.bxc5+ Kxc5 47.Kxf3 Kc4 48.Kg3 Kd3 49.Ne1+ Ke2 50.Nf3 Kf1 51.Ng5 Bf5
52.Nxh3 Bxh3 53.Kxh3 Kxf2  1/2-1/2

[Event "TATA 50th ch-IND National Premier"]
[Site "Kolkata IND"]
[Date "2012.10.02"]
[Round "2.7"]
[White "Adhiban,Baskaran"]
[Black "Aravindh,Chithambaram VR."]
[Result "1-0"]
[WhiteElo "2564"]
[BlackElo "2276"]

1.d4 Nf6 2.c4 e6 3.Nf3 d5 4.g3 Be7 5.Bg2 O-O 6.O-O Nbd7 7.Qc2 c5 8.cxd5 Nxd5
9.Nc3 Nb4 10.Qb3 Nc6 11.d5 Nd4 12.Qd1 e5 13.Nd2 Nf5 14.Nc4 Nd6 15.b3 Nxc4
16.bxc4 Bd6 17.Ne4 Qe7 18.Nxd6 Qxd6 19.e4 Re8 20.Qc2 b6 21.a4 Rb8 22.a5 Ba6
23.axb6 Rxb6 24.Be3 Rb4 25.Rfb1 Reb8 26.Rxb4 Rxb4 27.Bf1 h6 28.Qa2 Rb6 29.Qa5 g5
30.h3 Kg7 31.Be2 Kg8 32.Kh2 Kg7 33.Bg4 Bxc4 34.Qxa7 Nf8 35.Rc1 Ra6 36.Bxc5 Rxa7
37.Bxd6 Bd3 38.Bxe5+ f6 39.Bd4 Ra2 40.Bf5 h5 41.d6 Ra6 42.Rc7+ Kg8 43.d7 Rd6
44.Bc5  1-0

[Event "TATA 50th ch-IND National Premier"]
[Site "Kolkata IND"]
[Date "2012.10.02"]
[Round "2.21"]
[White "Praveen Kumar,C1"]
[Black "Karthikeyan,M2"]
[Result "0-1"]
[WhiteElo "2330"]
[BlackElo "2299"]

1.d4 Nf6 2.c4 e6 3.g3 d5 4.Nf3 Be7 5.Bg2 O-O 6.O-O dxc4 7.Qc2 a6 8.Qxc4 b5
9.Qc2 Bb7 10.Bd2 Be4 11.Qc1 Nbd7 12.Ba5 Rc8 13.Nbd2 Ba8 14.Rd1 Bd6 15.a3 Qe7
16.b4 e5 17.e3 e4 18.Ne1 Bd5 19.Bh3 Be6 20.Bxe6 Qxe6 21.Qc6 Nb8 22.Qc2 Rfe8
23.Ng2 Qh3 24.Nf1 Nd5 25.Rac1 c6 26.Re1 Nd7 27.Nf4 Bxf4 28.exf4 N7f6 29.Ne3 h5
30.Qe2 Ng4 31.Nxg4 hxg4 32.Qf1 Qh5 33.Rc5 Qg6 34.Qe2 e3 35.fxe3 Rxe3 36.Qxe3 Nxe3
37.Rxe3 Qb1+ 38.Kf2 Qb2+ 39.Re2 Qxd4+ 40.Kg2 f6 41.Rcc2 Qd5+ 42.Kg1 c5 43.Bb6 c4
44.Rcd2 Qf7 45.Kf2 c3 46.Rc2 Qb3  0-1

[Event "13th Karpov GM"]
[Site "Poikovsky RUS"]
[Date "2012.10.02"]
[Round "5"]
[White "Ponomariov,R"]
[Black "Short,N"]
[Result "1-0"]
[WhiteElo "2729"]
[BlackElo "2698"]

1.d4 Nf6 2.c4 e6 3.Nf3 d5 4.g3 Be7 5.Bg2 O-O 6.O-O dxc4 7.Qc2 a6 8.a4 b6
9.Ne5 Ra7 10.Qxc4 Bb7 11.Bxb7 Rxb7 12.Nc3 c5 13.Rd1 cxd4 14.Be3 b5 15.axb5 axb5
16.Qxd4 Qxd4 17.Bxd4 b4 18.Na4 Nfd7 19.Rac1 f6 20.Nc6 Nxc6 21.Rxc6 e5 22.Be3 b3
23.Nc3 Kf7 24.Nd5 Rd8 25.Kg2 Nb8 26.Rb6 Rdd7 27.Nxf6 Rxb6 28.Nxd7 Rb5 29.Nxb8 Rxb8
30.Rc1 Bf6 31.Bd2 e4 32.Rc7+ Ke6 33.Bc3 Rd8 34.Rc6+ Kf7 35.e3 Rd3 36.Bxf6 gxf6
37.Rb6 h5 38.Kf1 Kg6 39.Ke2 Kg5 40.f3 Rd5 41.fxe4 Rc5 42.Kf3 h4 43.gxh4+ Kxh4
44.Rxb3  1-0

[Event "TCh-Central SRB 2012"]
[Site "Vrnjacka Banja SRB"]
[Date "2012.10.03"]
[Round "6.5"]
[White "Tadic,Br"]
[Black "Zivkovic,I"]
[Result "1-0"]
[WhiteElo "2525"]
[BlackElo "2351"]

1.d4 d5 2.c4 e6 3.Nf3 Nf6 4.g3 Be7 5.Bg2 O-O 6.O-O c6 7.Qc2 b6 8.Rd1 Bb7
9.b3 Qc8 10.Nc3 Nbd7 11.Bf4 Nh5 12.Bg5 f6 13.Bd2 f5 14.Ng5 Ndf6 15.a4 h6
16.Nf3 Nd7 17.a5 b5 18.cxb5 cxb5 19.Qd3 Ba6 20.Na2 Nhf6 21.Bb4 Bxb4 22.Nxb4 Qb7
23.Qe3 Rfe8 24.Rac1 Ne4 25.Ne1 Rac8 26.f3 Ng5 27.h4 Nf7 28.Rxc8 Qxc8 29.Rc1 Qb7
30.Rc6 Nd8 31.Rc2 Nb8 32.Ned3 Qe7 33.Qf4 Nf7 34.Rc7 Qd8 35.Rxa7 Qxa5 36.Ra8 e5
37.dxe5 Qb6+ 38.Kh2 Bb7 39.Ra2 Nd7 40.Rd2 Ndxe5 41.Nxe5 Rxe5 42.Nd3 g5 43.Qb4 Re8
44.Qc5 Qxc5 45.Nxc5 Bc6 46.f4 Re3 47.Nd3 Kf8 48.Rc2 Bb7 49.hxg5 hxg5 50.fxg5 Nxg5
51.Nf4 Ne6 52.Nxe6+ Rxe6 53.Bf3 Bc6 54.Kh3 Rh6+ 55.Kg2 Ke7 56.Kf2 Re6 57.Rd2 Kd6
58.Rd4 Ke5 59.Rb4 Re8 60.Rh4 Ra8 61.b4 Rc8 62.Rh5 Bd7 63.Rh7 Kd6 64.g4 Rc4
65.g5 Rxb4 66.g6 Be6 67.g7 Rc4 68.Rh8 d4 69.Rd8+ Ke7 70.g8=Q Bxg8 71.Rxg8 Kd6
72.Kg1 Kc5 73.Rg5 Kb4 74.Rxf5 Rc3 75.Be4 Ka4 76.Rd5 b4 77.Rxd4 Rc7 78.Bd5  1-0

[Event "TCh-Moscow 2012"]
[Site "Moscow RUS"]
[Date "2012.10.06"]
[Round "6.3"]
[White "Seliverstov,Vl"]
[Black "Oparin,G"]
[Result "1-0"]
[WhiteElo "2413"]
[BlackElo "2490"]

1.d4 d5 2.c4 e6 3.Nf3 Nf6 4.g3 Be7 5.Bg2 O-O 6.O-O dxc4 7.Qc2 a6 8.Qxc4 b5
9.Qc2 Bb7 10.Bd2 Bd6 11.Ng5 Bxg2 12.Kxg2 Qc8 13.e4 Qb7 14.Re1 Nbd7 15.Nf3 Be7
16.Bg5 h6 17.Bxf6 Bxf6 18.Nbd2 c5 19.dxc5 Rfc8 20.Nb3 Be7 21.Na5 Qc7 22.b4 Bxc5
23.Rac1 Bb6 24.Qd2 Qd8 25.Nc6 Qe8 26.Qd6 Kh8 27.Nce5 Nxe5 28.Nxe5 Rcb8 29.Red1 Rb7
30.Qc6 Qxc6 31.Rxc6 Bd8 32.a3 a5 33.Rcd6 Bf6 34.Nc6 axb4 35.axb4 Ra2 36.e5 Bg5
37.Kg1 h5 38.h4 Bh6 39.Nd8 Rc7 40.Rd7 Rcc2 41.Rxf7 Be3 42.Rf1 Kg8 43.Rf3 Bd4
44.Nxe6 Bxe5 45.Rd1 Bf6 46.Rd5 Rc1+ 47.Kg2 Raa1 48.Rxh5 Kf7 49.Nf4 Rh1 50.Nh3 g5
51.hxg5  1-0

[Event "TCh-AUT 2 West 2012-13"]
[Site "Salzburg AUT"]
[Date "2012.10.07"]
[Round "3.3"]
[White "Hanel,R"]
[Black "Brumen,D"]
[Result "1/2-1/2"]
[WhiteElo "2286"]
[BlackElo "2357"]

1.c4 e6 2.Nf3 Nf6 3.g3 d5 4.Bg2 Be7 5.d4 O-O 6.O-O dxc4 7.Qc2 a6 8.a4 Bd7
9.Qxc4 Bc6 10.Bf4 a5 11.Nc3 Na6 12.Rfe1 Nb4 13.Rac1 Nbd5 14.Ne5 Nxf4 15.Nxc6 Nxe2+
16.Rxe2 bxc6 17.Bxc6 Rb8 18.Nb5 Bd6 19.Bf3 Nd7 20.Qc3 Qf6 21.Bc6 Bb4 22.Qd3 Nb6
23.Nxc7 Rbd8 24.Nb5 Nxa4 25.Bg2 Rc8 26.Rec2 Rxc2 27.Rxc2 Qf5 28.Qe2 Nb6 29.Be4 Qg5
30.h4 Qd8 31.Qd3 h6 32.Nc7 Bd6 33.Nb5 Bb4 34.Rc7 Nd5 35.Ra7 Qb6 36.Qc4 Rb8
37.Bd3 Qd8 38.Ra6 Rc8 39.Rc6 Rxc6 40.Qxc6 Bf8 41.Bc4 Nf6 42.Qf3 Qc8 43.Qe2 Bb4
44.b3 Qc6 45.f3 Nd5 46.Kh2 Nc3 47.Nxc3 Bxc3 48.Qd3 Be1 49.f4 Qd6 50.d5 exd5
51.Bxd5 Qe7 52.Bc4 Bb4 53.Qd5 g6 54.h5 gxh5 55.Qxh5 Kg7 56.Qg4+ Kf8 57.Qf5 Kg7
58.Kh3 Qf6 59.Qd7 h5 60.Be2 Qe6+ 61.Qxe6 fxe6 62.Bxh5 Bd2  1/2-1/2

[Event "TATA 50th ch-IND National Premier 2012"]
[Site "Kolkata IND"]
[Date "2012.10.09"]
[Round "8.10"]
[White "Bitan,B"]
[Black "Neelotpal,D"]
[Result "1/2-1/2"]
[WhiteElo "2326"]
[BlackElo "2485"]

1.d4 Nf6 2.c4 e6 3.g3 d5 4.Nf3 Be7 5.Bg2 O-O 6.O-O dxc4 7.Qc2 a6 8.a4 Bd7
9.Qxc4 Bc6 10.Bf4 a5 11.Nc3 Na6 12.Rae1 Bd5 13.Qb5 Nb4 14.Nxd5 Nfxd5 15.Bd2 c6
16.Qc4 Nb6 17.Qb3 Qd5 18.Qxd5 cxd5 19.b3 Rfc8 20.Rc1 Kf8 21.Rxc8+ Rxc8 22.Rc1 Ke8
23.Rxc8+ Nxc8 24.e3 Na7 25.Bf1 Nac6  1/2-1/2

[Event "Trans-Europa-Schach-Express 2012"]
[Site "Potsdam GER"]
[Date "2012.10.13"]
[Round "3.8"]
[White "Vasenina,A"]
[Black "Stoeri,L"]
[Result "0-1"]
[WhiteElo "1989"]
[BlackElo "2044"]

1.d4 Nf6 2.Nf3 d5 3.c4 e6 4.g3 Be7 5.Bg2 O-O 6.Qc2 Na6 7.O-O h6 8.a3 c5 9.dxc5 Nxc5
10.b4 Nce4 11.Bb2 Qc7 12.Rc1 a5 13.Nbd2 axb4 14.axb4 Rxa1 15.Bxa1 Qb6 16.Bd4 Qxb4
17.Rb1 Qd6 18.Rb6 Qc7 19.Qb2 Bc5 20.Bxc5 Qxc5 21.Nxe4 Nxe4 22.Qd4 Rd8 23.Qxc5 Nxc5
24.Rb5 Ne4 25.Ne5 Nd6 26.Rc5 f6 27.Ng6  0-1

[Event "7th Americas Continental 2012"]
[Site "Mar del Plata ARG"]
[Date "2012.10.14"]
[Round "3.33"]
[White "Kaidanov,G"]
[Black "Maggiori,Luciano"]
[Result "1-0"]
[WhiteElo "2587"]
[BlackElo "1700"]

1.d4 e6 2.c4 d5 3.Nf3 Nf6 4.g3 Be7 5.Bg2 O-O 6.O-O dxc4 7.Qc2 a6 8.Qxc4 b5
9.Qc2 Bb7 10.Bd2 Nc6 11.e3 Nb4 12.Bxb4 Bxb4 13.a3 Bd6 14.Nbd2 Rc8 15.Nb3 Be4
16.Qc3 Bd5 17.Nc5 Bxc5 18.dxc5 c6 19.Rad1 Qe7 20.Ne5 Bxg2 21.Kxg2 Nd5 22.Qc2 Qc7
23.Nf3 Rfd8 24.Rd2 Rd7 25.e4 Nf6 26.Rxd7 Qxd7 27.Rd1 Qe7 28.Ne5 g6 29.Rd6 Qb7
30.Qd3 Kf8 31.Nd7+ Nxd7 32.Rxd7 Qb8 33.Qf3 f5 34.Qc3 e5 35.Qb3  1-0

[Event "TCh-ROU League A 2012"]
[Site "Olanesti ROU"]
[Date "2012.10.14"]
[Round "9.3"]
[White "Paval,G"]
[Black "Nuta,D"]
[Result "1/2-1/2"]
[WhiteElo "2190"]
[BlackElo "2153"]

1.Nf3 Nf6 2.c4 e6 3.g3 d5 4.d4 Be7 5.Bg2 O-O 6.O-O dxc4 7.Ne5 Nc6 8.Nxc6 bxc6
9.Qc2 Qxd4 10.Be3 Qe5 11.Qxc4 Qxb2 12.Nc3 Nd5 13.Rab1  1/2-1/2

[Event "2nd Indonesia Open"]
[Site "Jakarta INA"]
[Date "2012.10.15"]
[Round "6.12"]
[White "Barbosa,O PHI"]
[Black "Dimakiling,O"]
[Result "1-0"]
[WhiteElo "2575"]
[BlackElo "2470"]

1.d4 e6 2.c4 d5 3.Nf3 Be7 4.g3 Nf6 5.Bg2 O-O 6.O-O Nbd7 7.Qc2 c6 8.Nbd2 b6
9.e4 Bb7 10.e5 Ne8 11.cxd5 exd5 12.Rd1 Nc7 13.Nf1 f6 14.exf6 Nxf6 15.Ne5 c5
16.Ne3 Ne6 17.Nf5 Bd6 18.Be3 Rc8 19.Qe2 Bb8 20.Ng4 Nxg4 21.Qxg4 Qf6 22.Bh3 Rce8
23.Qh4 Qxh4 24.Nxh4 Nxd4 25.Bxd4 cxd4 26.Bf1 g5 27.Ng2 Bd6 28.a3 a5 29.Ne1 Re4
30.Nc2 Bc5 31.Bd3 Re7 32.Rd2 a4 33.Re1 Rxe1+ 34.Nxe1 Bc6 35.Kg2 h6 36.Re2 Re8
37.Rxe8+ Bxe8 38.f4 gxf4 39.gxf4 Kg7 40.Kg3 Kf6 41.Ba6 b5 42.Nd3 Bd6 43.Kf3 Bd7
44.Bb7 Ke6 45.Kg4 Be7 46.Kf3 Kd6 47.Ke2 Bf5 48.Kd2 Bh4 49.Ke2 Bf6 50.Kd2 h5
51.Ba6 Bd7 52.Bb7 h4 53.Nb4 Be6 54.Bc6 Kc5 55.Be8 Kc4 56.Bg6 Be7 57.Nc6 Bd6
58.Na5+ Kc5 59.Nb7+ Kc6 60.Nxd6 Kxd6 61.Kd3 Ke7 62.Kxd4 Kf6 63.Bd3 Bf5 64.Bxb5 Bc2
65.Bd7 Bb3 66.Bg4 Bc4 67.Bd1 Kf5 68.Bxa4 Kxf4 69.Bd1 Bf1 70.a4 h3 71.b4 Bc4
72.b5 Kf5 73.Bb3  1-0

[Event "2nd Indonesia Open"]
[Site "Jakarta INA"]
[Date "2012.10.15"]
[Round "7.33"]
[White "Gordon,S"]
[Black "Medina,W"]
[Result "1/2-1/2"]
[WhiteElo "2556"]
[BlackElo "2311"]

1.Nf3 Nf6 2.c4 e6 3.g3 d5 4.Bg2 Be7 5.d4 O-O 6.O-O dxc4 7.Qc2 b5 8.a4 b4
9.Ne5 Qxd4 10.Nxc4 c6 11.Rd1 Qc5 12.Nbd2 Ba6 13.b3 Qh5 14.Bb2 Rc8 15.Nf3 Nbd7
16.Rac1 Nb6 17.Nce5 c5 18.a5 Nbd5 19.Nc4 Rd8 20.h3 Qg6 21.Qxg6 hxg6 22.Nfe5 Bf8
23.e4 Nc7 24.g4 Nb5 25.f4 Bb7 26.Re1 Nd4 27.Re3 Ne8 28.Bxd4 Rxd4 29.a6 Bxa6
30.Nc6 Bxc4 31.bxc4 Rd2 32.e5 Rxg2+ 33.Kxg2 a5 34.Rd3 a4 35.Rd7 Rc8 36.Na7 Rc7
37.Rd8 Rxa7 38.Rxe8 Rd7 39.Kf3 a3 40.Rb8 Rd4 41.g5 f6 42.Ke3 Kf7 43.Rc2 Be7
44.h4 Rd1 45.Rd2 Rb1 46.Rd7 a2 47.Rbb7 a1=Q 48.Rxe7+ Kf8 49.Rf7+ Ke8 50.Rbe7+ Kd8
51.Rd7+ Kc8 52.Rc7+  1/2-1/2

[Event "7th Americas Continental 2012"]
[Site "Mar del Plata ARG"]
[Date "2012.10.16"]
[Round "6.29"]
[White "Toth,Chr"]
[Black "Paniagua Chnelik,S"]
[Result "1-0"]
[WhiteElo "2357"]
[BlackElo "2204"]

1.d4 d5 2.c4 e6 3.Nf3 Nf6 4.g3 Be7 5.Bg2 O-O 6.O-O dxc4 7.Qc2 b5 8.a4 b4
9.Qxc4 Ba6 10.Qc2 Bb7 11.Bg5 Nbd7 12.Rd1 c5 13.Ne5 Bxg2 14.Kxg2 Rc8 15.Qb3 cxd4
16.Rxd4 Nc5 17.Qd1 Qc7 18.Nf3 e5 19.Rc4 Rfd8 20.Qc2 Qb7 21.Bxf6 b3 22.Qc1 Bxf6
23.Rxc5 e4 24.Nbd2 exf3+ 25.Nxf3 Rxc5 26.Qxc5 Bxb2 27.Rb1 Bf6 28.Kg1 Qe4
29.Rxb3 Qxe2 30.Kg2 Rd1 31.Rb8+ Bd8 32.Qb5 Qe6 33.Qe5 Qd7 34.Qe4 f6 35.Rb7 Qd6
36.Qe8+ Qf8 37.Qe6+ Kh8 38.Rxa7 Rd6 39.Rf7  1-0

[Event "2nd Indonesia Open"]
[Site "Jakarta INA"]
[Date "2012.10.17"]
[Round "9.27"]
[White "Nguyen Van Huy"]
[Black "Medina,W"]
[Result "1-0"]
[WhiteElo "2517"]
[BlackElo "2311"]

1.d4 e6 2.Nf3 Nf6 3.g3 d5 4.Bg2 Be7 5.c4 O-O 6.O-O dxc4 7.Qc2 b5 8.a4 b4
9.Ne5 Qxd4 10.Bxa8 Qxe5 11.Bf4 Qc5 12.Nd2 Ba6 13.Be3 Qh5 14.Bf3 Ng4 15.Bxg4 Qxg4
16.f3 Qh3 17.Nxc4 h5 18.Rf2 c5 19.Rd1 Nc6 20.Nd6 c4 21.Nxc4 Rc8 22.Nd6 Nd4
23.Qe4 Bxd6 24.Qxd4 Bf8 25.Qxa7 Bc4 26.Qd7 Ra8 27.Qc6 Bb3 28.Qxa8 Bxd1 29.Bc5  1-0

[Event "Copenhagen Cup IMB 2012"]
[Site "Copenhagen DEN"]
[Date "2012.10.19"]
[Round "4.3"]
[White "Rosenkilde,A"]
[Black "Rusev,K"]
[Result "1-0"]
[WhiteElo "2260"]
[BlackElo "2549"]

1.d4 Nf6 2.c4 e6 3.g3 d5 4.Nf3 Be7 5.Bg2 O-O 6.O-O dxc4 7.Qc2 b5 8.a4 b4
9.Nbd2 Bb7 10.Rd1 b3 11.Qxc4 Ba6 12.Qxb3 Nc6 13.e4 Nxd4 14.Nxd4 Qxd4 15.Nf3 Qxe4
16.Nd4 Qg4 17.h3 Qh5 18.g4 Qg6 19.Nc6 Rae8 20.Ne5 Rb8 21.Qc3 Bb4 22.Nxg6 Bxc3
23.Ne7+ Kh8 24.bxc3 Rb3 25.Be3  1-0

[Event "NIT Nagpur GM Open 2012"]
[Site "Nagpur IND"]
[Date "2012.10.19"]
[Round "6.2"]
[White "Gagare,Shar"]
[Black "Kravtsiv,M"]
[Result "0-1"]
[WhiteElo "2366"]
[BlackElo "2592"]

1.c4 e6 2.g3 Nf6 3.Bg2 d5 4.d4 Be7 5.Nf3 O-O 6.O-O dxc4 7.Qc2 b5 8.a4 b4
9.Nfd2 c6 10.Nxc4 Qxd4 11.Be3 Qd8 12.Rd1 Nd5 13.Bd4 Nd7 14.e4 N5b6 15.Nbd2 c5
16.Be3 Ba6 17.a5 Nxc4 18.Nxc4 Qc7 19.Bf4 e5 20.Bh3 Bb5 21.Bxd7 Bxc4 22.Bxe5 Qxe5
23.Qxc4 Qxb2 24.Bc6 Rad8 25.Bd5 Qc3 26.Qe2 b3 27.Rac1 Qb4 28.Rb1 c4 29.Bxc4 Rxd1+
30.Rxd1 Rc8 31.Bd3 Qxa5 32.e5 Qb6 33.Rb1 a5 34.Qe4 g6 35.e6 Qxe6 36.Qxe6 fxe6
37.Rxb3 a4 38.Rb6 a3 39.Bb1 Kf8 40.Kg2 e5 41.h4 Rc1 42.Rb8+ Kg7 43.Rb7 Kf8
44.Rb8+ Kg7 45.Rb7 Kf7 46.h5 gxh5 47.Ba2+ Ke8 48.Be6 Bd6 49.Rxh7 Rc2 50.Rxh5 e4
51.Kf1 Ke7 52.Bb3 Rb2 53.Rh7+ Kd8 54.Be6 Bc5 55.Rf7 a2 56.Bxa2 Rxa2 57.Rf4 Ra4
58.Kg2 Kd7 59.Kh3 Rb4 60.g4 Bd6 61.Rf5 Ke6 62.Kg2 Be5 63.Kf1 Rb2 64.Ke1 Bc3+
65.Kf1 Bd4 66.Ke1 Rc2 67.Kf1 Rc5 68.Rf4 Kd5 69.Rf5+ Kc4 70.Rf4 Kd3 71.Kg2 Rc2
72.Kf1 Rxf2+ 73.Rxf2  0-1

[Event "7th Americas Continental 2012"]
[Site "Mar del Plata ARG"]
[Date "2012.10.20"]
[Round "10.74"]
[White "Mendez,Nicolas"]
[Black "Judewicz,Alejandro"]
[Result "1-0"]
[WhiteElo "1744"]
[BlackElo "2084"]

1.c4 Nf6 2.Nf3 e6 3.g3 d5 4.d4 Be7 5.Bg2 O-O 6.O-O Nbd7 7.b3 Ne4 8.Nfd2 Nxd2
9.Nxd2 Bf6 10.Bb2 c5 11.cxd5 exd5 12.Bxd5 cxd4 13.Ne4 d3 14.Bxf6 Nxf6 15.Nxf6+ Qxf6
16.Qxd3 Bh3 17.Rfd1 Rad8 18.Qf3 Qg5 19.Bc4 Bg4 20.Qxb7 Rd2 21.h4 Qd8 22.Rxd2 Qxd2
23.Qe4 Qb2 24.Rd1 Bh5 25.Qd5 Qc2 26.Qd2 Qf5 27.Bd3 Qe6 28.Bc4 Qf5 29.Qd3 Qf6
30.Qd4 Qe7 31.Qd6 Qe4 32.Bd3 Qb7 33.Qe5 Bg6 34.Bc4 h5 35.Qd6 Bc2 36.Rd5 Be4
37.Rxh5 Bh1 38.f3 Bxf3 39.exf3 Qxf3 40.Rh8+ Kxh8 41.Qxf8+ Kh7 42.Qd6  1-0

[Event "TCh-CZE Div1 Vychod 2012-13"]
[Site "Czech Republic CZE"]
[Date "2012.10.21"]
[Round "1.1"]
[White "Rojicek,V"]
[Black "Polak,T"]
[Result "0-1"]
[WhiteElo "2450"]
[BlackElo "2522"]

1.d4 Nf6 2.c4 e6 3.g3 d5 4.Nf3 Be7 5.Bg2 O-O 6.O-O c6 7.Nbd2 Nbd7 8.Qc2 b6
9.e4 Bb7 10.e5 Ne8 11.cxd5 cxd5 12.Re1 Rc8 13.Qb3 Qc7 14.Bf1 Nb8 15.Bd3 Ba6
16.Bb1 Nc6 17.Nf1 f5 18.exf6 Nxf6 19.Bf4 Bd6 20.Be5 Bxf1 21.Kxf1 Bxe5 22.dxe5 Ng4
23.Kg2 Ncxe5 24.Nxe5 Nxe5 25.Qe3 Nf3 26.Qxe6+ Kh8 27.Re3 Nd2 28.Bxh7 Kxh7
29.Re5 Qf7 30.Qh3+ Kg8 31.f4 Qg6 32.Rae1 Rce8 33.Qd7 Rd8 34.Qxa7 Rxf4 35.R1e2 Rf7
36.Qa4 Nf3 37.Rxd5 Rxd5 38.Qa8+ Kh7 39.Qxd5 Nh4+ 40.Kh3 Nf3 41.Kg2 Ng5 42.h4 Rf5
43.Re5 Nf3 44.Rxf5 Nxh4+ 45.Kh2 Nxf5 46.Qd3 Qg4 47.a4 Kg6 48.b3 Qd4 49.Qc2 Kg5  0-1

[Event "38th Guernsey Open"]
[Site "Guernsey GCI"]
[Date "2012.10.21"]
[Round "1"]
[White "Minnican,A"]
[Black "De Kruif,K"]
[Result "1-0"]
[WhiteElo "2120"]
[BlackElo "1956"]

1.Nf3 Nf6 2.d4 d5 3.c4 e6 4.g3 Be7 5.Bg2 O-O 6.O-O Nbd7 7.Nbd2 c6 8.b3 b6
9.Qc2 Bb7 10.Bb2 Rc8 11.Rac1 c5 12.Qb1 dxc4 13.Nxc4 cxd4 14.Bxd4 Bc5 15.Bxc5 Nxc5
16.Rfd1 Qe7 17.Nd6 Rcd8 18.Nxb7 Nxb7 19.Nd4 Nc5 20.b4 Na6 21.a3 Nb8 22.a4 Rd7
23.Nb3 Na6 24.Rxd7 Qxd7 25.e4 Rd8 26.Rc4 Qe7 27.Nd4 Nb8 28.Qc2 h6 29.b5 Qa3
30.h3 Qa1+ 31.Kh2 Rxd4 32.Rc8+ Kh7 33.e5+ g6 34.Rxb8 Nd5 35.Qc8  1-0

[Event "38th Guernsey Open"]
[Site "Guernsey GCI"]
[Date "2012.10.21"]
[Round "1"]
[White "Hillarp Persson,T"]
[Black "Archer,Richard"]
[Result "1-0"]
[WhiteElo "2556"]
[BlackElo "2022"]

1.d4 Nf6 2.c4 e6 3.Nf3 d5 4.g3 Be7 5.Bg2 O-O 6.O-O Nbd7 7.Qc2 Ne4 8.Nc3 Ndf6
9.Ne5 Nxc3 10.bxc3 c5 11.Rd1 dxc4 12.Nxc4 cxd4 13.cxd4 Nd5 14.e4 Nb6 15.Nxb6 Qxb6
16.Rb1 Qa6 17.e5 Bd8 18.Rd3 Qa5 19.Ba3 Re8 20.Bd6 Be7 21.Bc7 Qa6 22.Rc3  1-0

[Event "TCh-SUI National A 2012"]
[Site "Switzerland SUI"]
[Date "2012.10.21"]
[Round "9.1"]
[White "Huebner,R"]
[Black "Pelletier,Y"]
[Result "1/2-1/2"]
[WhiteElo "2583"]
[BlackElo "2589"]

1.d4 Nf6 2.Nf3 e6 3.g3 d5 4.Bg2 Be7 5.c4 O-O 6.O-O dxc4 7.Qc2 a6 8.Qxc4 b5
9.Qc2 Bb7 10.Bg5 Nbd7 11.Nbd2 Rc8 12.Nb3 c5 13.Bxf6 Nxf6 14.dxc5 Be4 15.Qc3 Nd5
16.Qd4 Bc2 17.Qd2 Bxb3 18.axb3 Bxc5 19.Rxa6 Nb4 20.Qxd8 Rfxd8 21.Ra5 Bf8
22.Rxb5 Rc2 23.e3 Rxb2 24.Nd4 Nc2 25.Nc6 Rd2 26.Rb8 g6 27.Be4 Kg7 28.Rd8 Rxd8
29.Nxd8 Nb4 30.Rb1 Rxb1+ 31.Bxb1 Be7 32.Nb7 f5 33.Kf1 Nc6 34.Bd3 Bb4 35.Ke2 Kf6
36.Bb5 Na5 37.Nxa5 Bxa5 38.Kd3 Be1 39.f3 g5 40.Be8 Ke7 41.Bh5 h6 42.g4 fxg4
43.Bxg4 Kd6 44.Kc4 Bf2 45.e4 e5 46.b4  1/2-1/2

[Event "16th Unive Open"]
[Site "Hoogeveen NED"]
[Date "2012.10.22"]
[Round "4"]
[White "De Ruiter,D"]
[Black "Okkes,M"]
[Result "1/2-1/2"]
[WhiteElo "2182"]
[BlackElo "2368"]

1.d4 Nf6 2.c4 e6 3.g3 d5 4.Bg2 Be7 5.Nf3 O-O 6.O-O dxc4 7.Qc2 a6 8.Qxc4 b5
9.Qc2 Bb7 10.Bd2 h6 11.Rc1 Bd6 12.Bf4 Nbd7 13.Nbd2 Nd5 14.Bxd6 cxd6 15.a4 Rc8
16.Qb3 Qa5 17.axb5 Rxc1+ 18.Rxc1 axb5 19.e3  1/2-1/2

[Event "4th Marcel Duchamp Open"]
[Site "Buenos Aires ARG"]
[Date "2012.10.23"]
[Round "2.15"]
[White "Novoa,F"]
[Black "Avila,Lu"]
[Result "1/2-1/2"]
[WhiteElo "2017"]
[BlackElo "2179"]

1.d4 Nf6 2.c4 e6 3.g3 Be7 4.Bg2 d5 5.Nf3 O-O 6.O-O Nbd7 7.Qc2 c6 8.b3 Re8
9.Bb2 b5 10.Nbd2 Bb7 11.Rac1 bxc4 12.bxc4 c5 13.Rfd1 Qb6 14.e3 Rac8 15.Qb1 dxc4
16.Nxc4 Qa6 17.dxc5 Be4 18.Qa1 Rxc5 19.Nce5 Nxe5 20.Bxe5 Rxc1 21.Rxc1 Rc8  1/2-1/2